000 00539nam a2200169 a 4500
005 20140412111330.0
008 030110s19uu xx 00 eng d
020 _a0-02-274919-5
050 _aTR(PS E
_bMo86 1985
100 _aMcLerran, Alice
245 _aMountain that loved a bird (The) /
_cby Alice McLerran ; pictures by Eric Carle.
260 _aNew York :
_bMacmillan/McGraw-Hill School Publishing Comp,
_c1985.
300 _a1 v. (unp.) ; ill.
650 _aFriendship--Fiction
650 _aChildren stories
999 _c104860
_d104860